000 00621nam a2200205 i 4500
001 sa 67003903
003 DLC
005 20260227112342.0
008 840919s1965 pk 00010 urdo
010 _asa 67003903 //r84
025 _aPL480: P-U-1361
050 0 _aHQ743
_b.S865
100 0 0 _aSurayyā Jabīn̲,
_d1946-
245 1 0 _aMis̲ālī shādī /
_ctartīb va tālīf, Surayyā Jabīn̲ va Nis̲āruddīn.
260 0 _a[Lāhaur :
_bNaishnal Pablishing Kārporeshan,
_c1965]
300 _a272 p. ;
_c19 cm.
500 _aIn Urdu.
650 0 _aMarriage counseling.
700 0 0 _aNis̲āruddīn,
_ejoint author.
999 _c74160
_d74160